书目信息 |
| 题名: |
美第奇家族
|
|
| 作者: | 斯特拉森 著 ;林凌 , 刘聪慧 , 程旭 译 | |
| 分册: | ||
| 出版信息: | 北京 机械工业出版社 2016.10 |
|
| 页数: | 447页,[8]页图版 | |
| 开本: | 22cm | |
| 丛书名: | ||
| 单 册: | ||
| 中图分类: | K835.460 | |
| 科图分类: | ||
| 主题词: | ||
| 电子资源: | ||
| ISBN: | 978-7-111-54946-8 | |
| 000 | 01434nam0 2200313 450 | |
| 001 | 0100003908 | |
| 005 | 20161018162026.9 | |
| 010 | @a978-7-111-54946-8@b精装@dCNY69.00 | |
| 100 | @a20161018d2016 em y0chiy50 ea | |
| 101 | 1 | @achi@ceng |
| 102 | @aCN@b110000 | |
| 105 | @aaf z 000yy | |
| 106 | @ar | |
| 200 | 1 | @a美第奇家族@Amei di qi jia zu@e欧洲最强大家族缔造权力与财富的故事@dThe medici@egodfathers of the renaissance@f(美)保罗·斯特拉森(Paul Strathern)著@g林凌,刘聪慧,程旭译@zeng |
| 210 | @a北京@c机械工业出版社@d2016.10 | |
| 215 | @a447页,[8]页图版@c图@d22cm | |
| 305 | @a由Paul Strathern通过Big Apple Tuttle-Mori Agency, Inc.授权出版 | |
| 330 | @a本书是一部有关权力、金钱和野心的著作,讲述了这个最为传奇的家族由兴起而成为欧洲最强大家族之一的令人目眩的历史。保罗·斯特拉森探索了美第奇家族在佛罗伦萨极具戏剧性的崛起和衰落,以及这个家族曾经大力资助和推动过的意大利文艺复兴。 | |
| 333 | @a一般读者 | |
| 510 | 1 | @aMedici@egodfathers of the renaissance@zeng |
| 517 | 1 | @a欧洲最强大家族缔造权力与财富的故事@Aou zhou zui qiang da jia zu di zao quan li yu cai fu de gu shi |
| 600 | 0 | @a美第奇@c(Medici, Lorenzo de@f1449-1492)@x家族@j史料 |
| 690 | @aK835.460@v5 | |
| 701 | 1 | @c(美)@a斯特拉森@Asi te la sen@c(Strathern, Paul)@4著 |
| 702 | 0 | @a林凌@Alin ling@4译 |
| 702 | 0 | @a刘聪慧@Aliu cong hui@4译 |
| 702 | 0 | @a程旭@Acheng xu@4译 |
| 801 | 0 | @aCN@c201701015 |
| 905 | @a河南城建学院图书馆@dK835.460@eS709 | |
| 美第奇家族:欧洲最强大家族缔造权力与财富的故事=The medici:godfathers of the renaissance/(美)保罗·斯特拉森(Paul Strathern)著/林凌,刘聪慧,程旭译.-北京:机械工业出版社,2016.10 |
| 447页,[8]页图版:图;22cm |
| 使用对象:一般读者 |
| ISBN 978-7-111-54946-8(精装):CNY69.00 |
| 本书是一部有关权力、金钱和野心的著作,讲述了这个最为传奇的家族由兴起而成为欧洲最强大家族之一的令人目眩的历史。保罗·斯特拉森探索了美第奇家族在佛罗伦萨极具戏剧性的崛起和衰落,以及这个家族曾经大力资助和推动过的意大利文艺复兴。 |
| ● |
| 相关链接 |
|
|
|
正题名:美第奇家族
索取号:K835.460/S709
 
预约/预借
| 序号 | 登录号 | 条形码 | 馆藏地/架位号 | 状态 | 备注 |
| 1 | 1362648 | 213626487 | 社科库309/309社科库 101排3列2层/ [索取号:K835.460/S709] | 在馆 | |
| 2 | 1362649 | 213626496 | 社科库309/309社科库 101排3列2层/ [索取号:K835.460/S709] | 在馆 |